000 01267nam a22002537a 4500
005 20101206113148.0
008 101206t xxu||||| |||| 00| 0 hin d
010 _aHIN-91352
020 _c125.00
035 _aHN-63698
037 _bDBAD/PUB
040 _aDPL
_bHN
082 _a821
100 _924598
_aमहीप-प्रशांत
245 _aप्रशांत नदीश के सीप /
_cमहीप-प्रशांत एवं नरेन्द्रनाथ श्रीवास्तव 'नदीश'
260 _aबेंगलूर (कर्नाटक)
_bप्रोमोदिनी प्रकाशन
_c2009
270 _bबेंगलूर (कर्नाटक)
_aजी.आर. श्रीनिवास अपार्टमेंट, फ्लॅट न.111, बेगूर
_mdrdeep.org@gmail.com
300 _a228पृ.
_c22सेमी (अजिल्द)
650 _91169
700 _924599
_aश्रीवास्तव, नरेन्द्रनाथ 'नदीश'
700 _924924
942 _2ddc
_cHN
_mमहीप
999 _c49331
_d49331